[Event "Chigorin Memorial 27th"]
[Site "St Petersburg"]
[Date "2019.10.06"]
[Round "2"]
[White "Purtov, Andrei"]
[Black "Shinkarev, Artem"]
[Result "0-1"]
[WhiteElo "2353"]
[BlackElo "1845"]
[PlyCount "92"]
[EventDate "2019.10.05"]
[EventType "swiss"]
[EventRounds "9"]
[EventCountry "RUS"]
[SourceTitle "EXT 2020"]
[Source "ChessBase"]
[SourceDate "2019.10.17"]
[SourceVersion "1"]
[SourceVersionDate "2019.10.17"]
[SourceQuality "1"]

1. e4 e6 2. Qe2 c5 3. g3 Nc6 4. Nf3 Nge7 5. Bg2 d6 6. 0-0 g6 7. c3 Bg7 8. Rd1 e5 9. d3 0-0 10. Nbd2 h6 11. Nf1 Be6 12. Nh4 d5 13. f4 d4 14. c4 Qd7 15. Nf3 Kh7 16. h4 exf4 17. gxf4 Bg4 18. N1h2 Bh5 19. Re1 Rae8 20. Qf2 Ng8 21. a3 a5 22. b3 Nf6 23. Qg3 Qc7 24. Rb1 Nd7 25. Bd2 Ra8 26. Kh1 Ra6 27. Bh3 Re8 28. Rg1 Nf8 29. Qf2 Ne6 30. Ne1 Qd8 31. Bg4 Bxg4 32. Nxg4 f5 33. exf5 gxf5 34. Ne5 Nxe5 35. fxe5 Kh8 36. Nf3 Nf8 37. h5 Qd7 38. Rg2 Qf7 39. Rbg1 Qxh5+ 40. Rh2 Qf7 41. Ng5 Qc7 42. Qxf5 Kg8 43. e6 hxg5 44. Bxg5 Qc6+ 45. Rhg2 Rxe6 46. Bf6 Rxf6 0-1

[Event "Moscow op-A 04th"]
[Site "Moscow"]
[Date "2008.02.08"]
[Round "7"]
[White "Purtov, Andrei"]
[Black "Kolomensky, Vladimir"]
[Result "0-1"]
[WhiteElo "2403"]
[BlackElo "2258"]
[PlyCount "48"]
[EventDate "2008.02.02"]
[EventType "swiss"]
[EventRounds "9"]
[EventCountry "RUS"]
[SourceTitle "CBM 122 Extra"]
[Source "ChessBase"]
[SourceDate "2008.03.04"]
[SourceVersion "1"]
[SourceVersionDate "2008.03.04"]
[SourceQuality "1"]

1. e4 c5 2. Nf3 e6 3. d4 cxd4 4. Nxd4 a6 5. Bd3 Bc5 6. Nb3 Be7 7. 0-0 d6 8. Qg4 g6 9. Qe2 Nd7 10. Nc3 Qc7 11. Bd2 b6 12. Nd4 Bb7 13. a4 Ngf6 14. Bh6 Qc5 15. Be3 Qc7 16. Nf3 0-0 17. Bh6 Rfe8 18. h3 Ne5 19. Ng5 Nfd7 20. Qd2 f6 21. Nf3 Nc5 22. Nd4 Nexd3 23. cxd3 e5 24. Nc2 Nb3 0-1

[Event "Sukhumi op"]
[Site "Sukhumi"]
[Date "2006.08.10"]
[Round "7"]
[White "Purtov, Andrei"]
[Black "Tihonov, Jurij"]
[Result "0-1"]
[WhiteElo "2411"]
[BlackElo "2492"]
[PlyCount "60"]
[EventDate "2006.08.04"]
[EventType "swiss"]
[EventRounds "9"]
[EventCountry "GEO"]
[SourceTitle "EXT 2011"]
[Source "ChessBase"]
[SourceDate "2010.11.26"]
[SourceVersion "1"]
[SourceVersionDate "2010.11.26"]
[SourceQuality "1"]

1. e4 c5 2. Nc3 d6 3. Nge2 Nf6 4. g3 b5 5. Bg2 Bb7 6. d3 a6 7. 0-0 e6 8. a3 Nc6 9. h3 Be7 10. Be3 0-0 11. Nf4 Rc8 12. h4 Ne5 13. Nh5 d5 14. Bg5 b4 15. Bxf6 Bxf6 16. axb4 cxb4 17. Nxf6+ Qxf6 18. Na4 dxe4 19. dxe4 Rfd8 20. Qe2 Qe7 21. Rfd1 Qc7 22. Rxd8+ Rxd8 23. Rd1 Bc6 24. b3 Bxa4 25. bxa4 h6 26. Bf1 a5 27. Rxd8+ Qxd8 28. Kg2 Qd4 29. f4 Nc6 30. e5 Qd5+ 0-1

[Event "Izmailov Memorial op 10th"]
[Site "Tomsk"]
[Date "2006.07.20"]
[Round "9"]
[White "Gankin, Stanislav"]
[Black "Purtov, Andrei"]
[Result "1-0"]
[WhiteElo "2314"]
[BlackElo "2430"]
[PlyCount "120"]
[EventDate "2006.07.12"]
[EventType "swiss"]
[EventRounds "9"]
[EventCountry "RUS"]
[SourceTitle "EXT 2008"]
[Source "ChessBase"]
[SourceDate "2007.11.25"]
[SourceVersion "1"]
[SourceVersionDate "2007.11.25"]
[SourceQuality "1"]

1. e4 c5 2. Nf3 d6 3. Bb5+ Nc6 4. 0-0 Bd7 5. Re1 a6 6. Bf1 Bg4 7. d3 g6 8. h3 Bxf3 9. Qxf3 Bg7 10. c3 Nf6 11. Bg5 0-0 12. Nd2 b5 13. a3 h6 14. Bh4 Nd7 15. Qe3 a5 16. Nf3 Qb6 17. Rad1 e5 18. Nd2 Qc7 19. f3 Nb6 20. Rb1 b4 21. Rec1 Rfb8 22. Qe1 Qd7 23. Bf2 Qe6 24. Be2 Qe7 25. Bd1 h5 26. Be3 Bf6 27. Bb3 Qd8 28. Kh1 Rb7 29. Nf1 Rab8 30. Bd2 Bh4 31. g3 Bg5 32. f4 Bf6 33. Ne3 bxa3 34. bxa3 Ne7 35. f5 Kg7 36. fxg6 fxg6 37. Qf2 Nd7 38. Ba2 Rb2 39. Rxb2 Rxb2 40. Be6 Nf8 41. Rf1 Nh7 42. Nc4 Rb7 43. h4 a4 44. Bg5 Bxg5 45. hxg5 Ng8 46. Bd5 Ra7 47. Kg2 Qxg5 48. Nxd6 Ngf6 49. Qxc5 Rd7 50. Nc4 Ng4 51. Be6 Rxd3 52. Rf7+ Kh6 53. Bxg4 Qxg4 54. Qxe5 Qe2+ 55. Rf2 Qe1 56. Nd6 Rxd6 57. Qxd6 Qxe4+ 58. Kh2 Ng5 59. Qf4 Qe6 60. Rd2 Qe7 1-0

[Event "Chigorin Memorial 13th"]
[Site "St Petersburg"]
[Date "2005.10.23"]
[Round "9"]
[White "Chebotarev, Oleg"]
[Black "Purtov, Andrei"]
[Result "0-1"]
[WhiteElo "2504"]
[BlackElo "2404"]
[PlyCount "70"]
[EventDate "2005.10.15"]
[EventType "swiss"]
[EventRounds "9"]
[EventCountry "RUS"]
[SourceTitle "CBM 108 Extra"]
[Source "ChessBase"]
[SourceDate "2005.11.04"]
[SourceVersion "1"]
[SourceVersionDate "2005.11.04"]
[SourceQuality "1"]

1. e4 c5 2. Nf3 d6 3. d4 cxd4 4. Nxd4 Nf6 5. Nc3 a6 6. f3 e5 7. Nb3 Be6 8. Be3 Be7 9. Qd2 0-0 10. 0-0-0 Nbd7 11. g4 b5 12. g5 Nh5 13. Nd5 Bxd5 14. exd5 f5 15. Rg1 f4 16. Bf2 Bxg5 17. Na5 Bh4 18. Bxh4 Qxh4 19. Nc6 Kh8 20. c4 bxc4 21. Bxc4 g6 22. a4 Ng7 23. a5 Nf5 24. Kb1 Ne3 25. Rc1 Qf6 26. b4 Nxc4 27. Rxc4 Qf7 28. Ka2 Nf6 29. Rd1 Rfc8 30. Ka3 Rc7 31. Ka4 Rb7 32. Rc3 Rb5 33. Rd3 Rc8 34. h3 Rc7 35. Ka3 Qd7 0-1

[Event "Chigorin Memorial 13th"]
[Site "St Petersburg"]
[Date "2005.10.18"]
[Round "4"]
[White "Purtov, Andrei"]
[Black "Vrublevskaya, Olga"]
[Result "1-0"]
[WhiteElo "2404"]
[BlackElo "2148"]
[PlyCount "71"]
[EventDate "2005.10.15"]
[EventType "swiss"]
[EventRounds "9"]
[EventCountry "RUS"]
[SourceTitle "CBM 108 Extra"]
[Source "ChessBase"]
[SourceDate "2005.11.04"]
[SourceVersion "1"]
[SourceVersionDate "2005.11.04"]
[SourceQuality "1"]

1. e4 c5 2. Nc3 e6 3. Nge2 d5 4. exd5 exd5 5. d4 Nc6 6. Be3 c4 7. g3 Bb4 8. Bg2 h6 9. 0-0 Nf6 10. a3 Bxc3 11. Nxc3 0-0 12. Re1 Bf5 13. f3 Re8 14. Qd2 Qd7 15. b3 Na5 16. Nd1 b6 17. b4 c3 18. Nxc3 Nc4 19. Qf2 Nxe3 20. Rxe3 Rxe3 21. Qxe3 Bxc2 22. Bf1 Re8 23. Qd2 Qf5 24. Nb5 Re7 25. Nd6 Qg6 26. Rc1 Bf5 27. a4 Ne8 28. Nxe8 Rxe8 29. Rc7 Rc8 30. Rxa7 Rc2 31. Qf4 Rb2 32. g4 Bc2 33. Rc7 Qe6 34. Qc1 Rb1 35. Qxc2 Rxb4 36. Rc8+ 1-0

[Event "Chigorin Memorial 13th"]
[Site "St Petersburg"]
[Date "2005.10.16"]
[Round "2"]
[White "Zontakh, Andrey"]
[Black "Purtov, Andrei"]
[Result "1-0"]
[WhiteElo "2543"]
[BlackElo "2404"]
[PlyCount "115"]
[EventDate "2005.10.15"]
[EventType "swiss"]
[EventRounds "9"]
[EventCountry "RUS"]
[SourceTitle "CBM 108 Extra"]
[Source "ChessBase"]
[SourceDate "2005.11.04"]
[SourceVersion "1"]
[SourceVersionDate "2005.11.04"]
[SourceQuality "1"]

1. e4 c5 2. Nf3 d6 3. d4 cxd4 4. Nxd4 Nf6 5. Nc3 a6 6. Be3 e5 7. Nb3 Be6 8. f3 Be7 9. Qd2 0-0 10. 0-0-0 Nbd7 11. g4 b5 12. g5 Nh5 13. Nd5 Bxd5 14. exd5 f5 15. gxf6 Bxf6 16. Na5 Nf4 17. c4 bxc4 18. Bxc4 Ng2 19. Qxg2 Qxa5 20. Kb1 Rab8 21. Qd2 Qd8 22. b3 a5 23. a4 Rb4 24. Ka2 Qe7 25. Rc1 Qf7 26. Rhf1 Rfb8 27. Bb5 Nf8 28. Rc6 Be7 29. Ra6 Rh4 30. Rxa5 Qh5 31. Bg1 Bg5 32. Qc2 Bd8 33. Ra6 Qh6 34. Rc6 Ba5 35. Bd3 Bd2 36. Rc8 Rxc8 37. Qxc8 g6 38. Qc2 Be3 39. Bxe3 Qxe3 40. Be4 Rf4 41. Rf2 Rf7 42. Re2 Qd4 43. Qc6 Qb4 44. Rc2 Nd7 45. Rc4 Qd2+ 46. Ka3 Qxh2 47. Qxd6 Qg1 48. Ka2 Qf2+ 49. Rc2 Qd4 50. Qc6 Kg7 51. d6 Nf6 52. Qc5 Ne8 53. Bd5 Ra7 54. Qxd4 exd4 55. Rc6 Rd7 56. Be6 Rxd6 57. Rxd6 Nxd6 58. Bd7 1-0

[Event "Alushta Summer 4th"]
[Site "Alushta"]
[Date "2004.06.21"]
[Round "6"]
[White "Ibrahimov, Rasul"]
[Black "Purtov, Andrei"]
[Result "1-0"]
[WhiteElo "2460"]
[BlackElo "2432"]
[PlyCount "101"]
[EventDate "2004.06.17"]
[EventType "tourn"]
[EventRounds "13"]
[EventCountry "UKR"]
[EventCategory "8"]
[SourceTitle "CBM 100 Extra"]
[Source "ChessBase"]
[SourceDate "2004.07.06"]
[SourceVersion "2"]
[SourceVersionDate "2004.07.06"]
[SourceQuality "1"]

1. Nf3 g6 2. d4 Bg7 3. c4 Nf6 4. Nc3 d6 5. Bg5 0-0 6. e3 c5 7. d5 h6 8. Bh4 a6 9. a4 e5 10. Nd2 Qe8 11. Be2 Nh7 12. g4 f5 13. gxf5 Bxf5 14. Bg3 Nd7 15. h4 Ndf6 16. Ra3 Rf7 17. Rb3 Qd8 18. e4 Bc8 19. h5 g5 20. Nf1 Qa5 21. Qd3 Bf8 22. Ne3 Be7 23. Bf1 Bd8 24. Bh3 g4 25. Bg2 Ng5 26. Kd1 Qc7 27. Kc1 Qe7 28. Ne2 Ba5 29. Bh4 Nxh5 30. Ng3 Nxg3 31. Bxg3 Qf8 32. Qd1 Nf3 33. Bxf3 Rxf3 34. Rh4 Bd8 35. Rh5 Bg5 36. Rxg5+ hxg5 37. Qh1 b5 38. cxb5 axb5 39. Rxb5 Rf7 40. b3 Rh7 41. Qd1 Qf3 42. Qxf3 gxf3 43. Rb6 Rb7 44. Rxd6 Rxb3 45. Rd8+ Kf7 46. Ng4 Ke7 47. Rh8 Bb7 48. Rh7+ Kf8 49. Bxe5 Rxa4 50. Bd6+ Ke8 51. Nf6+ 1-0

[Event "RUS-Cup06"]
[Site "Tomsk"]
[Date "2001.07.08"]
[Round "9"]
[White "Zarezenko, Ilya"]
[Black "Purtov, Andrei"]
[Result "1/2-1/2"]
[WhiteElo "2230"]
[BlackElo "2433"]
[PlyCount "105"]
[EventDate "2001.06.30"]
[EventType "swiss"]
[EventRounds "9"]
[EventCountry "RUS"]
[SourceTitle "CBM 083 Extra"]
[Source "ChessBase"]
[SourceDate "2001.09.11"]
[SourceVersion "1"]
[SourceVersionDate "2001.09.11"]
[SourceQuality "1"]

1. e4 c5 2. Nf3 d6 3. d4 cxd4 4. Nxd4 Nf6 5. Nc3 a6 6. Be2 e6 7. 0-0 Be7 8. f4 Qc7 9. Kh1 0-0 10. Be3 b5 11. Bf3 Bb7 12. a3 Nbd7 13. Qe2 Nb6 14. Rad1 Nc4 15. Bc1 Rac8 16. Rd3 Nd7 17. b3 Na5 18. Bb2 Rfe8 19. Rfd1 Qb8 20. Qe1 Nc6 21. Nxc6 Bxc6 22. Qg3 Bf8 23. e5 Bxf3 24. Rxf3 d5 25. Qh4 Be7 26. Qg4 Rc6 27. Nxd5 exd5 28. e6 f6 29. exd7 Rf8 30. Rc3 Rd6 31. Rcd3 Rd8 32. Rxd5 R8xd7 33. Qxd7 Rxd7 34. Rxd7 Bf8 35. R7d4 h5 36. Bc3 Qc7 37. R1d3 Bxa3 38. f5 Qc5 39. Rd5 Qf2 40. Bd4 Qxc2 41. Bg1 Bc1 42. Rh3 Qe2 43. Rd8+ Kh7 44. Rc3 Qf1 45. Rcc8 Kh6 46. h4 g5 47. Rc7 gxh4 48. Rg8 Qxf5 49. Rxc1 h3 50. Rc7 Qe4 51. Rc3 hxg2+ 52. Rxg2 Qh4+ 53. Rh2 1/2-1/2

[Event "RUS-Cup06"]
[Site "Tomsk"]
[Date "2001.07.06"]
[Round "7"]
[White "Popov, Roman2222"]
[Black "Purtov, Andrei"]
[Result "1-0"]
[WhiteElo "2321"]
[BlackElo "2433"]
[PlyCount "75"]
[EventDate "2001.06.30"]
[EventType "swiss"]
[EventRounds "9"]
[EventCountry "RUS"]
[SourceTitle "CBM 083 Extra"]
[Source "ChessBase"]
[SourceDate "2001.09.11"]
[SourceVersion "1"]
[SourceVersionDate "2001.09.11"]
[SourceQuality "1"]

1. Nf3 Nf6 2. c4 g6 3. Nc3 Bg7 4. e4 d6 5. d4 0-0 6. h3 e5 7. d5 a5 8. Bg5 Na6 9. g4 Qe8 10. Rg1 Nc5 11. Nd2 c6 12. Qf3 Nfd7 13. h4 Nb6 14. h5 f6 15. Be3 Nba4 16. Nd1 cxd5 17. cxd5 b5 18. hxg6 hxg6 19. Rc1 Na6 20. Rc6 Nb4 21. Bxb5 Nxc6 22. dxc6 Nc5 23. Nc3 Be6 24. Nc4 Qe7 25. Qd1 Rfd8 26. Nd5 Qa7 27. c7 Rf8 28. Nxd6 Rf7 29. Nxf7 Kxf7 30. Bc4 a4 31. g5 f5 32. exf5 gxf5 33. g6+ Kf8 34. Nb6 Qa5+ 35. Qd2 Qxd2+ 36. Kxd2 Ne4+ 37. Kd3 Bxc4+ 38. Kxc4 1-0

[Event "Chigorin Memorial 08th"]
[Site "St Petersburg"]
[Date "2000.11.08"]
[Round "7"]
[White "Utnasunov, Alexander"]
[Black "Purtov, Andrei"]
[Result "0-1"]
[WhiteElo "2257"]
[BlackElo "2450"]
[PlyCount "76"]
[EventDate "2000.10.31"]
[EventType "swiss"]
[EventRounds "9"]
[EventCountry "RUS"]
[SourceTitle "EXT 2001"]
[Source "ChessBase"]
[SourceDate "2000.11.22"]
[SourceVersion "1"]
[SourceVersionDate "2000.11.22"]
[SourceQuality "1"]

1. d4 Nf6 2. c4 g6 3. Nc3 Bg7 4. e4 d6 5. f3 0-0 6. Be3 e5 7. d5 Nh5 8. Qd2 f5 9. Nge2 Nd7 10. 0-0-0 Ndf6 11. Kb1 fxe4 12. fxe4 Ng4 13. h3 Nxe3 14. Qxe3 Bf6 15. g3 Bg5 16. Qd3 Bh6 17. h4 Bg4 18. Bh3 Bxh3 19. Rxh3 Qd7 20. Rhh1 Rf7 21. Rhf1 Raf8 22. Rxf7 Rxf7 23. a4 Qg4 24. c5 b6 25. c6 a5 26. Rg1 Rf3 27. Qc4 Be3 28. Re1 Nf6 29. Ka2 Bc5 30. Nb5 Re3 31. Nxc7 Rxe4 32. Qc2 Bf2 33. Ne6 Nxd5 34. Qb3 Qxe6 35. Nc3 Nxc3+ 36. bxc3 Rxa4+ 37. Kb2 Qxb3+ 38. Kxb3 b5 0-1

[Event "Chigorin Memorial 08th"]
[Site "St Petersburg"]
[Date "2000.11.04"]
[Round "4"]
[White "Purtov, Andrei"]
[Black "Gafner, Evgeny J"]
[Result "1/2-1/2"]
[WhiteElo "2450"]
[BlackElo "2258"]
[PlyCount "106"]
[EventDate "2000.10.31"]
[EventType "swiss"]
[EventRounds "9"]
[EventCountry "RUS"]
[SourceTitle "EXT 2001"]
[Source "ChessBase"]
[SourceDate "2000.11.22"]
[SourceVersion "1"]
[SourceVersionDate "2000.11.22"]
[SourceQuality "1"]

1. e4 e5 2. Nf3 Nc6 3. Bc4 Bc5 4. d3 Nf6 5. Bb3 a6 6. Nbd2 Ba7 7. h3 0-0 8. c3 d5 9. Qe2 Re8 10. Nf1 Be6 11. Ng5 Na5 12. Nxe6 Rxe6 13. Bc2 dxe4 14. dxe4 b5 15. Bg5 h6 16. Bh4 Rd6 17. Nd2 Qe8 18. 0-0 Nc6 19. Nf3 Nh5 20. Kh2 Nf4 21. Qe1 g5 22. Bg3 Nd3 23. Qb1 Rad8 24. b4 Qe6 25. a4 Bb6 26. axb5 axb5 27. Bb3 Qf6 28. Qc2 Ne7 29. Kg1 Ng6 30. Rad1 h5 31. Rd2 Kg7 32. Rfd1 h4 33. Bxh4 Nxh4 34. Rxd3 Nxf3+ 35. gxf3 Qf4 36. Kg2 Rf6 37. Qe2 Rh8 38. Rh1 Qh4 39. Kf1 g4 40. Rg1 Qxh3+ 41. Ke1 Rh4 42. f4 Qh2 43. Rxg4+ Rxg4 44. Qxg4+ Rg6 45. Qf3 Rg2 46. Qxg2+ Qxg2 47. Rg3+ Qxg3 48. fxg3 exf4 49. gxf4 Be3 50. f5 Bf4 51. Bd5 c5 52. bxc5 f6 53. Ke2 Kf8 1/2-1/2

[Event "Chigorin Memorial 08th"]
[Site "St Petersburg"]
[Date "2000.11.02"]
[Round "3"]
[White "Chudinovskih, Alexander N"]
[Black "Purtov, Andrei"]
[Result "1-0"]
[WhiteElo "2310"]
[BlackElo "2450"]
[PlyCount "75"]
[EventDate "2000.10.31"]
[EventType "swiss"]
[EventRounds "9"]
[EventCountry "RUS"]
[SourceTitle "EXT 2001"]
[Source "ChessBase"]
[SourceDate "2000.11.22"]
[SourceVersion "1"]
[SourceVersionDate "2000.11.22"]
[SourceQuality "1"]

1. e4 c5 2. Nf3 e6 3. d4 cxd4 4. Nxd4 a6 5. Bd3 Qc7 6. 0-0 Nf6 7. Qe2 d6 8. f4 Nbd7 9. Kh1 Be7 10. c4 0-0 11. Nc3 Re8 12. Bd2 Bf8 13. Rae1 e5 14. fxe5 dxe5 15. Nf5 b6 16. Bg5 Bb7 17. Nh6+ gxh6 18. Bxf6 Nxf6 19. Rxf6 Bg7 20. Rf3 Qc5 21. Ref1 Re7 22. Rg3 Kh8 23. Qf3 Rg8 24. Nd5 Bxd5 25. exd5 e4 26. Bxe4 Bxb2 27. Rxg8+ Kxg8 28. Bd3 Be5 29. Qf5 f6 30. Qg4+ Kh8 31. Bf5 Rg7 32. Qe4 Rc7 33. Be6 Qxc4 34. Qxc4 Rxc4 35. d6 Rd4 36. d7 Kg7 37. g3 Rd2 38. Rc1 1-0

[Event "Berliner Sommer 16th"]
[Site "Berlin"]
[Date "1998.??.??"]
[Round "7"]
[White "Parker, Jonathan"]
[Black "Purtov, Andrei"]
[Result "1-0"]
[WhiteElo "2510"]
[BlackElo "2445"]
[PlyCount "77"]
[EventDate "1998.08.08"]
[EventType "swiss"]
[EventRounds "9"]
[EventCountry "GER"]
[SourceTitle "CBM 066 Extra"]
[Source "ChessBase"]
[SourceDate "1998.11.06"]
[SourceVersion "1"]
[SourceVersionDate "1998.11.06"]
[SourceQuality "1"]

1. d4 Nf6 2. c4 g6 3. Nc3 Bg7 4. e4 d6 5. f4 c5 6. dxc5 Qa5 7. Bd3 Qxc5 8. Nf3 Nc6 9. Qe2 Bg4 10. Be3 Qh5 11. Rc1 Bxf3 12. gxf3 Qh4+ 13. Qf2 Qxf2+ 14. Kxf2 Nh5 15. Bb1 0-0 16. b3 Rfc8 17. f5 Bd4 18. Bxd4 Nxd4 19. Ke3 Nc6 20. f4 Nf6 21. Nd5 Kg7 22. h4 Nh5 23. Rcd1 Rd8 24. Rhg1 Rac8 25. Rg5 Kf8 26. Bd3 e6 27. fxe6 fxe6 28. Nc3 e5 29. f5 Nf4 30. fxg6 Nxg6 31. h5 Nf4 32. Nd5 Rd7 33. Rdg1 Ne7 34. Nf6 Rdc7 35. Nxh7+ Kf7 36. Rg7+ Ke6 37. Ng5+ Kd7 38. h6 Kc6 39. Nf7 1-0

[Event "Berliner Sommer 16th"]
[Site "Berlin"]
[Date "1998.??.??"]
[Round "4"]
[White "Purtov, Andrei"]
[Black "Hertneck, Gerald"]
[Result "0-1"]
[WhiteElo "2445"]
[BlackElo "2555"]
[PlyCount "65"]
[EventDate "1998.08.08"]
[EventType "swiss"]
[EventRounds "9"]
[EventCountry "GER"]
[SourceTitle "CBM 066 Extra"]
[Source "ChessBase"]
[SourceDate "1998.11.06"]
[SourceVersion "1"]
[SourceVersionDate "1998.11.06"]
[SourceQuality "1"]

1. e4 g6 2. d4 d6 3. g3 Bg7 4. Bg2 Nc6 5. Ne2 e5 6. Be3 Bg4 7. f3 Bd7 8. Nbc3 h5 9. d5 Nce7 10. h4 c5 11. dxc6 Bxc6 12. f4 Nf6 13. Qd2 d5 14. exd5 Nfxd5 15. 0-0-0 Nxe3 16. Qxe3 Qb6 17. Qxb6 axb6 18. Bxc6+ bxc6 19. fxe5 Bxe5 20. Rhg1 Nf5 21. a3 Ra7 22. Na2 Re7 23. Nb4 Re6 24. c3 0-0 25. Rd7 Bg7 26. Nd4 Nxd4 27. cxd4 c5 28. d5 Re2 29. Nc6 Rxb2 30. d6 c4 31. Re1 c3 32. Nb4 Bh6+ 33. Kd1 0-1

[Event "Berliner Sommer 15th"]
[Site "Berlin"]
[Date "1997.??.??"]
[Round "4"]
[White "Fusi, Christoph"]
[Black "Purtov, Andrei"]
[Result "1-0"]
[WhiteElo "2225"]
[BlackElo "2455"]
[PlyCount "47"]
[EventDate "1997.08.??"]
[EventType "swiss"]
[EventRounds "9"]
[EventCountry "GER"]
[SourceTitle "CBM 059 Extra"]
[Source "ChessBase"]
[SourceDate "1997.09.26"]
[SourceVersion "1"]
[SourceVersionDate "1997.09.26"]
[SourceQuality "1"]

1. e4 c5 2. Nf3 d6 3. d4 cxd4 4. Nxd4 Nf6 5. Nc3 a6 6. Be3 e6 7. Qd2 b5 8. f3 Nbd7 9. 0-0-0 Qc7 10. g4 Nb6 11. Ndxb5 axb5 12. Nxb5 Qc6 13. Nxd6+ Bxd6 14. Qxd6 Qxd6 15. Rxd6 Nbd7 16. Bb5 Rxa2 17. Kb1 Ra5 18. c4 h6 19. Rhd1 e5 20. h4 Rxb5 21. cxb5 Ke7 22. Rc6 Rd8 23. Rc7 Ke8 24. Rdc1 1-0